00554nam a22001937a 450000500170000001000130001702000220003003500130005203700160006504000120008108200150009310000130010824500480012126000510016927000620022030000210028265000350030365000220033820170124105945.0 aA-680529 c80.00a8170541794 aA-680529 bCen Lib/Ret aDPLbEN a302.5bBAL aBalan, K aSocial obligation of writers /cby K. Balan aNew DelhibClassical Publishing Companyc1993 a28, Shopping Centre, Karampura bNew Delhie110015 av,54p.c22cm(Hb) aWriter's obligation to society aSocial obligation